Wymień przedmioty szkolne - Statystyki

Ogólne statystyki
  • Ten quiz został rozwiązany 193 razy
  • Średni wynik to 15 z 20
Statystyki odpowiedzi
Odpowiedź % Poprawnych
jezyk polski
99%
matematyka
98%
jezyk angielski
94%
chemia
91%
biologia
90%
fizyka
89%
wychowanie fizyczne
89%
historia
88%
geografia
87%
plastyka
77%
wos
76%
muzyka
74%
religia
74%
informatyka
73%
technika
70%
przyroda
66%
edb
46%
hit
27%
jezyk obcy
26%
podstawy przedsiebiorczosci
22%
Nie znaleziono quizów pasujących do podanych kryteriów
Rozkład punktacji
Procent ludzi z każdym wynikiem
Percentyl według liczby udzielonych odpowiedzi
Twoja historia wyników
Nie rozwiązałeś tego quizu